عرض عادي
عرض مارك
- United Nations Convention on the Law of the Sea
دخول Topical Term
001 - CONTROL NUMBER
- control field: 19802
003 - CONTROL NUMBER IDENTIFIER
- control field: AE-AdECS
005 - DATE AND TIME OF LATEST TRANSACTION
- control field: 20250903150454.0
008 - FIXED-LENGTH DATA ELEMENTS
- fixed length control field: 250903|| aca||aabn | a|a d
040 ## - CATALOGING SOURCE
- Original cataloging agency: AE-AdECS
- Transcribing agency: AE-AdECS
150 ## - HEADING--TOPICAL TERM
- Topical term or geographic name entry element: United Nations Convention on the Law of the Sea
- Chronological subdivision: (1982 December 10)
670 ## - SOURCE DATA FOUND
- Source citation: Work cat.: (AE-AdECS)292027: Kamiński, Tomasz, author. 19801, 40 Years of the United Nations Convention on the Law of the Sea :
